Villes dans Harry Potter - Mort Subite - Statistiques

Statistiques générales
  • Ce quiz a été pris 148 fois
  • Le résultat moyen est 3 sur 20
Answers on the Grid
Answers color-coded by a green-red scale on the quiz's grid according to % correct below.
Pré-au-Lard
Dijon
Paris
Aberdeen
Bristol
Londres
Blackpool
Barnsley
Dundee
Godric's Hollow
Minsk
Wagga Wagga
Carbone-les-Mines
Cork
Fichucastel
Kenmare
Wimbledon
Heidelberg
Le Caire
Ouagadougou
Lyon
Moscou
Copenhague
Worcester
Inverness
Mikonos
Durmstrang
West Badin
Wiesbaden
Silverstone
Sacramento
Pyléa
Kent
Johannesburg
Delhi
Tottori
 
Statistiques - réponses
Réponse % Correct
Pré-au-Lard
69%
Londres
65%
Godric's Hollow
63%
Paris
22%
Ouagadougou
14%
Bristol
12%
Dijon
8%
Le Caire
8%
Barnsley
6%
Blackpool
6%
Wimbledon
6%
Aberdeen
5%
Cork
5%
Carbone-les-Mines
4%
Wagga Wagga
4%
Dundee
3%
Fichucastel
3%
Heidelberg
3%
Minsk
3%
Kenmare
2%
Aucun quiz correspondant
Distribution des résultats
% des personnes avec chaque résultat
Percentile par nombre de réponses
Votre historique - résultats
Vous n’avez pas pris ce quiz